MARC

LEADER 00000nam0a2200000 4500
001 75842
005 20231031091142.0
010 |a 5338001020 
035 |a (RuTPU)RU\TPU\book\80941 
090 |a 75842 
100 |a 20050404d1988 km y0rusy50 ca 
101 0 |a rus 
102 |a BY 
105 |a a g 001zy 
200 1 |a Техническое обслуживание и ремонт ЕС ЭВМ   |e справочник  |f Под ред. К. М. Виноградова 
210 |a Минск  |c Беларусь  |d 1988 
215 |a 239 с.  |c ил. 
320 |a Библиогр.: с. 237-238. 
610 1 |a вычислительная техника 
610 1 |a электронные вычислительные машины 
610 1 |a техническое обслуживание 
610 1 |a ремонт 
610 1 |a ЕС ЭВМ 
610 1 |a диагностирование 
610 1 |a диагностические системы 
610 1 |a справочники 
675 |a 681.324.004(035)  |v 3 
702 1 |a Виноградов  |b К. М.  |g Константин Михайлович  |4 340 
801 1 |a RU  |b 63413507  |c 20050404  |g PSBO 
801 2 |a RU  |b 63413507  |c 20161201  |g PSBO 
942 |c BK